000
00263nam a2200097Ia 4500
005
20251222114346.0
008
251222s1900||||xx |||||||||||||| ||spa||
082
_a
DVD0070/D51/1950/Ej.2
245
0
_a
Dios necesita de los hombres:Dieu A Besoin Des Hommes
942
_c
DVD
999
_c
1060
_d
1060